[Event "NOR-chT Elite 2324"]
[Site "Norway"]
[Date "2024.03.10"]
[Round "9.26"]
[White "Bryn, Askild"]
[Black "Olsen, William Alexander"]
[Result "0-1"]
[WhiteElo "2034"]
[BlackElo "2022"]
[PlyCount "78"]
[EventDate "2023.10.27"]
[EventType "team-tourn"]
[EventRounds "9"]
[EventCountry "NOR"]
[SourceTitle "CB16_2024"]
[SourceDate "2024.04.17"]
[SourceVersion "1"]
[SourceVersionDate "2024.04.17"]
[SourceQuality "1"]
[WhiteTeam "Valerenga"]
[BlackTeam "Baerum"]
[WhiteTeamCountry "NOR"]
[BlackTeamCountry "NOR"]

1. e4 c5 2. Nc3 Nc6 3. f4 e6 4. Nf3 d5 5. d3 d4 6. Ne2 f5 7. g3 Nf6 8. e5 Nd5 9. Bg2 Be7 10. 0-0 0-0 11. a3 b6 12. c4 dxc3 13. bxc3 Qd7 14. Ra2 Ba6 15. c4 Nc7 16. Be3 Rad8 17. Rd2 b5 18. d4 bxc4 19. dxc5 Nd5 20. Bf2 Qc8 21. Qc2 Na5 22. c6 Nxc6 23. Ra1 Nb6 24. Ned4 Bc5 25. Nxc6 Bxf2+ 26. Rxf2 Qxc6 27. Nd4 Qc8 28. Nc6 Rd7 29. a4 Bb7 30. Nxa7 Qc5 31. Bxb7 Rxb7 32. Nb5 Nd5 33. Qe2 Ra8 34. Nd6 Rb4 35. a5 Rxa5 36. Rxa5 Qxa5 37. Nxc4 Qa1+ 38. Kg2 Rxc4 39. Qh5 Qa8 0-1

[Event "NOR-chT Club"]
[Site "Drammen"]
[Date "2019.05.30"]
[Round "1.5"]
[White "Marosevic, Tomislav"]
[Black "Bryn, Askild"]
[Result "0-1"]
[WhiteElo "1613"]
[BlackElo "2024"]
[PlyCount "114"]
[EventDate "2019.05.30"]
[EventType "team-swiss"]
[EventRounds "6"]
[EventCountry "NOR"]
[SourceTitle "CBM 190 Extra"]
[Source "ChessBase"]
[SourceDate "2019.07.15"]
[SourceVersion "1"]
[SourceVersionDate "2019.07.15"]
[SourceQuality "1"]
[WhiteTeam "Stjernen"]
[BlackTeam "Valerenga"]
[WhiteTeamCountry "NOR"]
[BlackTeamCountry "NOR"]

1. d4 d6 2. Nf3 Nd7 3. e4 g6 4. Bg5 c6 5. Nbd2 Bg7 6. c3 Qc7 7. Bc4 Ngf6 8. 0-0 0-0 9. Re1 e5 10. Qc2 h6 11. Bxf6 Nxf6 12. Rad1 b5 13. dxe5 dxe5 14. Bb3 Qe7 15. c4 b4 16. Nf1 Bg4 17. Rd3 Nd7 18. Qd2 a5 19. Ba4 Nc5 20. Bxc6 Nxd3 21. Qxd3 Rac8 22. Bd5 Be6 23. Ne3 Rfd8 24. Rd1 Kh7 25. Qe2 Qf6 26. b3 h5 27. Bxe6 fxe6 28. Ne1 Rxd1 29. Qxd1 Qd8 30. Qc2 Qd4 31. Nf3 Qa1+ 32. Nf1 Bf6 33. Qd2 Rd8 34. Qe3 Rd1 35. Qe2 Rc1 36. Qd3 Rd1 37. Qe2 Rd7 38. Qc2 g5 39. h3 Qc3 40. Qe2 Qd3 41. Nxg5+ Kg6 42. Qxd3 Rxd3 43. Nxe6 Rd1 44. f4 Ra1 45. f5+ Kf7 46. g4 Rxa2 47. g5 a4 48. gxf6 Ra1 49. Nd8+ Kxf6 50. Nc6 axb3 51. Nxb4 Rd1 52. Nd5+ Kf7 53. Kf2 b2 54. Nc3 Rc1 55. Nd2 Rxc3 56. Ke1 Rc1+ 57. Ke2 Rc2 0-1

[Event "Gibraltar Challengers op-B"]
[Site "Caleta"]
[Date "2019.01.29"]
[Round "4"]
[White "Bryn, Askild"]
[Black "Maisuradze, Nino"]
[Result "0-1"]
[WhiteElo "2010"]
[BlackElo "2215"]
[PlyCount "130"]
[EventDate "2019.01.26"]
[EventType "swiss"]
[EventRounds "5"]
[EventCountry "GGB"]
[SourceTitle "CBM 188 Extra"]
[Source "ChessBase"]
[SourceDate "2019.02.26"]
[SourceVersion "1"]
[SourceVersionDate "2019.02.26"]
[SourceQuality "1"]

1. e4 c5 2. Nc3 Nc6 3. f4 g6 4. Nf3 Bg7 5. Bb5 Nd4 6. 0-0 a6 7. Bd3 d6 8. Nxd4 cxd4 9. Ne2 Nf6 10. c3 dxc3 11. dxc3 0-0 12. h3 Qb6+ 13. Kh2 Bd7 14. Qb3 Qxb3 15. axb3 Bc6 16. Ng3 a5 17. Re1 Nd7 18. Be3 h5 19. Nf1 b5 20. Nd2 a4 21. b4 Rfc8 22. Nb1 Rab8 23. Na3 e5 24. f5 gxf5 25. exf5 d5 26. Be2 Nf6 27. g4 hxg4 28. hxg4 Ne4 29. Bf3 Nd6 30. Rad1 Ne4 31. Bxe4 dxe4 32. Rd2 Rd8 33. Red1 Rxd2+ 34. Rxd2 Bf8 35. Bg5 e3 36. Bxe3 f6 37. Kg3 Be7 38. Nc2 Rc8 39. Bb6 Kf7 40. Rh2 Bd6 41. Be3 Be4 42. Ne1 a3 43. bxa3 Rxc3 44. Kf2 Rxa3 45. Rh7+ Kg8 46. Rh6 Bxb4 47. Rg6+ Kf7 48. g5 Bxe1+ 49. Ke2 fxg5 50. Bxg5 Bg3 51. Rf6+ Kg7 52. Rg6+ Kf7 53. Rf6+ Ke8 54. Re6+ Kd7 55. Re7+ Kd6 56. f6 Bf3+ 57. Kd2 Bf4+ 58. Bxf4 exf4 59. Re8 Bh5 60. Rb8 Rb3 61. Rb6+ Ke5 62. Kc2 Rb4 63. Kc3 Rc4+ 64. Kb3 Rc5 65. Kb4 Rd5 0-1

[Event "Gibraltar Challengers op-B"]
[Site "Caleta"]
[Date "2019.01.27"]
[Round "2"]
[White "Bryn, Askild"]
[Black "Jordan Martinez, Miguel"]
[Result "0-1"]
[WhiteElo "2010"]
[BlackElo "2142"]
[PlyCount "121"]
[EventDate "2019.01.26"]
[EventType "swiss"]
[EventRounds "5"]
[EventCountry "GGB"]
[SourceTitle "CBM 188 Extra"]
[Source "ChessBase"]
[SourceDate "2019.02.26"]
[SourceVersion "1"]
[SourceVersionDate "2019.02.26"]
[SourceQuality "1"]

1. e4 e6 2. d4 d5 3. Nc3 Nf6 4. e5 Nfd7 5. f4 c5 6. Nf3 Nc6 7. Ne2 Be7 8. c3 0-0 9. h4 f6 10. g3 cxd4 11. cxd4 fxe5 12. Bh3 e4 13. Bxe6+ Kh8 14. Ng5 Bb4+ 15. Kf1 Nf6 16. a3 Bd6 17. Kg2 Qe7 18. f5 Nd8 19. Bxc8 Rxc8 20. Nf4 Qc7 21. Kh3 Bxf4 22. Bxf4 Qd7 23. Kg2 Qxf5 24. Rf1 Ng4 25. Qb3 Qd7 26. Rac1 Ne6 27. Nxe6 Qxe6 28. Rxc8 Rxc8 29. Qxb7 Rc2+ 30. Kg1 h6 31. Be5 Nxe5 32. Qb8+ Kh7 33. Qxe5 Qxe5 34. dxe5 d4 35. e6 Rc6 36. Rf7 Rxe6 37. Rxa7 d3 38. Rd7 Rf6 39. Kg2 Rc6 40. Rd4 Rc2+ 41. Kf1 Re2 42. b4 Kg6 43. b5 Kf5 44. b6 Rb2 45. Rb4 Rh2 46. b7 d2 47. Rd4 e3 48. Kg1 Rh1+ 49. Kxh1 e2 50. b8Q e1Q+ 51. Kg2 Qe2+ 52. Kg1 Qe3+ 53. Kf1 Qxd4 54. Qb5+ Kg4 55. Qe2+ Kxg3 56. Qg2+ Kxh4 57. Qh2+ Kg5 58. Qg3+ Kf5 59. Qh3+ Kg6 60. Qg2+ Kh7 61. a4 0-1

[Event "Gibraltar Challengers op-B"]
[Site "Caleta"]
[Date "2019.01.26"]
[Round "1"]
[White "Saber, Yasser"]
[Black "Bryn, Askild"]
[Result "0-1"]
[WhiteElo "2201"]
[BlackElo "2010"]
[PlyCount "68"]
[EventDate "2019.01.26"]
[EventType "swiss"]
[EventRounds "5"]
[EventCountry "GGB"]
[SourceTitle "CBM 188 Extra"]
[Source "ChessBase"]
[SourceDate "2019.02.26"]
[SourceVersion "1"]
[SourceVersionDate "2019.02.26"]
[SourceQuality "1"]

1. d4 d6 2. c4 Nd7 3. Nc3 e5 4. Nf3 g6 5. e4 Bg7 6. Be2 Ne7 7. 0-0 0-0 8. Re1 h6 9. Bf1 Kh7 10. Rb1 f5 11. dxe5 dxe5 12. exf5 gxf5 13. b3 Ng6 14. Ne2 e4 15. Nfd4 Nde5 16. Ng3 Ng4 17. Nde2 Qh4 18. h3 Nxf2 19. Qc2 Nd3 20. Rd1 Be5 21. Nh1 Rg8 22. Rxd3 exd3 23. Qxd3 f4 24. Qe4 Qf6 25. g4 h5 26. Nf2 hxg4 27. hxg4 f3 28. Nh3 fxe2 29. Bxe2 Bd4+ 30. Be3 Bxe3+ 31. Qxe3 Qe5 32. Ng5+ Kg7 33. Qd2 Qg3+ 34. Kf1 Rf8+ 0-1

[Event "EU-Cup 33rd"]
[Site "Antalya"]
[Date "2017.10.12"]
[Round "5.5"]
[White "Dedebas, Emre Emin"]
[Black "Bryn, Askild"]
[Result "1/2-1/2"]
[WhiteElo "2253"]
[BlackElo "2060"]
[PlyCount "112"]
[EventDate "2017.10.08"]
[EventType "team-swiss"]
[EventRounds "7"]
[EventCountry "TUR"]
[SourceTitle "CBM 181"]
[Source "ChessBase"]
[SourceDate "2017.11.10"]
[SourceVersion "1"]
[SourceVersionDate "2017.11.10"]
[SourceQuality "1"]
[WhiteTeam "Oslo Schakselskap"]
[BlackTeam "Valerenga"]
[WhiteTeamCountry "NOR"]
[BlackTeamCountry "NOR"]

1. Nf3 d5 2. d4 Nf6 3. c4 e6 4. Nc3 c6 5. e3 Be7 6. b3 Qa5 7. Bd2 Bb4 8. Qc2 Nbd7 9. Bd3 e5 10. dxe5 dxc4 11. exf6 cxd3 12. fxg7 Rg8 13. Qxd3 Rxg7 14. Ne4 Nc5 15. Nxc5 Bxd2+ 16. Qxd2 Qxc5 17. g3 Bg4 18. Qd4 Qxd4 19. Nxd4 c5 20. h3 Bd7 21. Nc2 Bc6 22. 0-0 f5 23. Rfd1 Bf3 24. Rd2 Rd8 25. Rxd8+ Kxd8 26. Ne1 Be2 27. Rc1 b6 28. Rc2 Ba6 29. Rd2+ Kc7 30. Rd5 Rf7 31. f4 Bb7 32. Rd2 a5 33. Kf2 h5 34. Nf3 Rf8 35. Ne5 Bc8 36. Kf3 Bb7+ 37. Ke2 Bc8 38. Nf3 Bd7 39. Ng5 a4 40. Kd3 axb3 41. axb3 Ra8 42. Kc3 Ra1 43. Nh7 Be6 44. Nf6 Rb1 45. Rb2 Re1 46. Kd3 Rh1 47. g4 hxg4 48. hxg4 fxg4 49. Ke4 g3 50. Rg2 Rh3 51. b4 cxb4 52. Nd5+ Kd6 53. Nxb4 Bc8 54. Kf3 Bb7+ 55. e4 Kc5 56. Nd5 Bxd5 1/2-1/2

[Event "EU-Cup 33rd"]
[Site "Antalya"]
[Date "2017.10.08"]
[Round "1.5"]
[White "Laznicka, Viktor"]
[Black "Bryn, Askild"]
[Result "1-0"]
[WhiteElo "2654"]
[BlackElo "2060"]
[PlyCount "87"]
[EventDate "2017.10.08"]
[EventType "team-swiss"]
[EventRounds "7"]
[EventCountry "TUR"]
[SourceTitle "CBM 181"]
[Source "ChessBase"]
[SourceDate "2017.11.10"]
[SourceVersion "1"]
[SourceVersionDate "2017.11.10"]
[SourceQuality "1"]
[WhiteTeam "Novy Bor"]
[BlackTeam "Valerenga"]
[WhiteTeamCountry "CZE"]
[BlackTeamCountry "NOR"]

1. e4 c6 2. d4 d5 3. e5 Bf5 4. Nf3 e6 5. Be2 c5 6. 0-0 Nc6 7. c3 Qb6 8. Qa4 Rc8 9. dxc5 Bxc5 10. b4 Be7 11. Be3 Qc7 12. b5 Qa5 13. Qf4 Nb8 14. Nbd2 Nh6 15. c4 0-0 16. cxd5 exd5 17. Nb3 Qa3 18. Nfd4 Bg6 19. Bf3 Rfd8 20. Rfd1 f6 21. e6 a6 22. Bc1 Qd6 23. Qxd6 Bxd6 24. Na5 Rc7 25. bxa6 Nxa6 26. Nb5 Be5 27. Nxc7 Nxc7 28. Bxh6 Bxa1 29. Rxa1 gxh6 30. Nxb7 Rb8 31. Nc5 Rb1+ 32. Rxb1 Bxb1 33. a3 Kf8 34. Bh5 Bg6 35. Bg4 Ke7 36. f4 f5 37. Be2 Kd6 38. Nb7+ Kxe6 39. Kf2 Be8 40. Ke3 Bd7 41. Nc5+ Kd6 42. Nxd7 Kxd7 43. Bd3 Ke6 44. a4 1-0

[Event "Gibraltar Challenger op-B"]
[Site "Caleta"]
[Date "2017.01.31"]
[Round "4"]
[White "Bryn, Askild"]
[Black "Jordan Martinez, David"]
[Result "1-0"]
[WhiteElo "2018"]
[BlackElo "2122"]
[PlyCount "65"]
[EventDate "2017.01.28"]
[EventType "swiss"]
[EventRounds "5"]
[EventCountry "GGB"]
[SourceTitle "EXT 2018"]
[Source "ChessBase"]
[SourceDate "2017.10.13"]
[SourceVersion "1"]
[SourceVersionDate "2017.10.13"]
[SourceQuality "1"]

1. e4 e6 2. d4 d5 3. e5 c5 4. c3 Nc6 5. Nf3 Bd7 6. a3 Nh6 7. b4 cxd4 8. cxd4 Nf5 9. Bb2 b5 10. Bxb5 Nxe5 11. Nxe5 Bxb5 12. Nc3 Bd7 13. Na4 Bd6 14. Nxd7 Qxd7 15. Nc5 Qb5 16. Qe2 a6 17. Bc3 Ke7 18. a4 Qxe2+ 19. Kxe2 Rhc8 20. Rhc1 Bxc5 21. dxc5 Kd7 22. g4 Ne7 23. Bxg7 Rg8 24. Bf6 Rxg4 25. Bxe7 Kxe7 26. b5 Kd7 27. Rab1 Rxa4 28. c6+ Kd6 29. c7 Rc4 30. b6 Rg8 31. Rg1 Rf8 32. Rg7 Kd7 33. b7 1-0

[Event "Sarajevo Bosna op 46th"]
[Site "Sarajevo"]
[Date "2016.06.03"]
[Round "9"]
[White "Peric, Pero"]
[Black "Bryn, Askild"]
[Result "0-1"]
[WhiteElo "1746"]
[BlackElo "1993"]
[PlyCount "64"]
[EventDate "2016.05.28"]
[EventType "swiss"]
[EventRounds "9"]
[EventCountry "BIH"]
[SourceTitle "EXT 2019"]
[Source "ChessBase"]
[SourceDate "2018.10.10"]
[SourceVersion "1"]
[SourceVersionDate "2018.10.10"]
[SourceQuality "1"]

1. e4 c6 2. c4 d5 3. exd5 cxd5 4. cxd5 Nf6 5. Nc3 Nxd5 6. Be2 e6 7. Nf3 Be7 8. b3 0-0 9. Bb2 Nf4 10. 0-0 Nxe2+ 11. Nxe2 b6 12. Ng3 Bf6 13. d4 Bb7 14. Ne5 Qd5 15. f3 Nc6 16. Re1 Rfd8 17. Ne4 Bxe5 18. dxe5 Nxe5 19. Qxd5 Rxd5 20. Nc3 Rd2 21. Na4 Ng6 22. Bc1 Rc2 23. Rf1 Rac8 24. Ba3 Ba6 25. Rf2 Rxf2 26. Kxf2 Rc2+ 27. Kg3 e5 28. Rd1 h5 29. Nb2 Nf4 30. Rd8+ Kh7 31. Rd7 Rxg2+ 32. Kh4 g5# 0-1

[Event "Sarajevo Bosna op 46th"]
[Site "Sarajevo"]
[Date "2016.06.01"]
[Round "7"]
[White "Terzic, Ilijas"]
[Black "Bryn, Askild"]
[Result "1-0"]
[WhiteElo "2165"]
[BlackElo "1993"]
[PlyCount "43"]
[EventDate "2016.05.28"]
[EventType "swiss"]
[EventRounds "9"]
[EventCountry "BIH"]
[SourceTitle "EXT 2019"]
[Source "ChessBase"]
[SourceDate "2018.10.10"]
[SourceVersion "1"]
[SourceVersionDate "2018.10.10"]
[SourceQuality "1"]

1. d4 d6 2. Nf3 Nd7 3. d5 e5 4. dxe6 fxe6 5. e4 Nb6 6. Nc3 Be7 7. a4 a5 8. Be3 c6 9. Qd4 Nd7 10. Qxg7 Bf6 11. Qg3 Qe7 12. Bd3 h5 13. h4 Nh6 14. Bg5 Rg8 15. Qf4 Ng4 16. Qd2 Nge5 17. Nxe5 Nxe5 18. Be2 Kd7 19. f4 Bxg5 20. hxg5 Ng6 21. Rxh5 e5 22. g3 1-0

[Event "EU-Cup 31st"]
[Site "Skopje"]
[Date "2015.10.24"]
[Round "7.6"]
[White "Bryn, Askild"]
[Black "Wiersma, Eelke"]
[Result "0-1"]
[WhiteElo "2015"]
[BlackElo "2343"]
[PlyCount "64"]
[EventDate "2015.10.18"]
[EventType "team-swiss"]
[EventRounds "7"]
[EventCountry "MKD"]
[SourceTitle "CBM 169"]
[Source "ChessBase"]
[SourceDate "2015.11.10"]
[SourceVersion "1"]
[SourceVersionDate "2015.11.10"]
[SourceQuality "1"]
[WhiteTeam "Vaalerenga"]
[BlackTeam "Leiden LSG"]
[WhiteTeamCountry "NOR"]
[BlackTeamCountry "NED"]

1. e4 c5 2. Nf3 Nc6 3. Bb5 g6 4. Bxc6 bxc6 5. 0-0 Bg7 6. Re1 Rb8 7. c3 Nf6 8. h3 0-0 9. d4 d5 10. exd5 Qxd5 11. Rxe7 Nd7 12. Qe2 Qd6 13. Nbd2 cxd4 14. cxd4 c5 15. dxc5 Nxc5 16. Rxa7 Ba6 17. Nc4 Qd5 18. Rxa6 Nxa6 19. Bf4 Rfe8 20. Ne3 Qb5 21. Qxb5 Rxb5 22. Nc4 Rb4 23. Nfd2 Rxc4 24. Nxc4 Re4 25. Bd6 Rxc4 26. Rb1 Rc6 27. Bf4 Nb4 28. Bd2 Nxa2 29. Re1 Bxb2 30. Bh6 Rc8 31. Re2 Bc1 32. f4 Nb4 0-1

[Event "Sarajevo Bosna op 45th"]
[Site "Sarajevo"]
[Date "2015.06.05"]
[Round "9"]
[White "Dedic, Nedzad"]
[Black "Bryn, Askild"]
[Result "1-0"]
[WhiteElo "1927"]
[BlackElo "2071"]
[PlyCount "65"]
[EventDate "2015.05.30"]
[EventType "swiss"]
[EventRounds "9"]
[EventCountry "BIH"]
[SourceTitle "CBM 166 Extra"]
[Source "ChessBase"]
[SourceDate "2015.06.18"]
[SourceVersion "1"]
[SourceVersionDate "2015.06.18"]
[SourceQuality "1"]

1. e4 d6 2. d4 Nd7 3. Nf3 g6 4. Bc4 e6 5. Bg5 Ne7 6. h4 h6 7. Be3 Bg7 8. Qd2 c6 9. Nc3 d5 10. exd5 cxd5 11. Bb5 a6 12. Bd3 b5 13. Bf4 Nc6 14. Qe3 Qe7 15. a3 b4 16. axb4 Qxb4 17. 0-0 Bxd4 18. Nxd4 Qxd4 19. Qg3 g5 20. hxg5 hxg5 21. Bxg5 Qe5 22. Qxe5 Ndxe5 23. Bb5 Bb7 24. Ba4 Rh5 25. f4 Ng4 26. Rf3 f6 27. Rg3 fxg5 28. Rxg4 gxf4 29. Rg7 0-0-0 30. Bxc6 Bxc6 31. Rxa6 Bb7 32. Ra7 Rhh8 33. Nb5 1-0

[Event "Sarajevo Bosna op 45th"]
[Site "Sarajevo"]
[Date "2015.05.31"]
[Round "2"]
[White "Vajic, Goran"]
[Black "Bryn, Askild"]
[Result "1-0"]
[WhiteElo "2379"]
[BlackElo "2071"]
[PlyCount "99"]
[EventDate "2015.05.30"]
[EventType "swiss"]
[EventRounds "9"]
[EventCountry "BIH"]
[SourceTitle "CBM 166 Extra"]
[Source "ChessBase"]
[SourceDate "2015.06.18"]
[SourceVersion "1"]
[SourceVersionDate "2015.06.18"]
[SourceQuality "1"]

1. e4 c6 2. d4 d5 3. e5 Bf5 4. Ne2 h6 5. Ng3 Bh7 6. Bd3 Bxd3 7. Qxd3 e6 8. 0-0 Ne7 9. Bd2 Na6 10. c3 Qd7 11. b4 h5 12. Na3 h4 13. Ne2 Nc7 14. Nc2 b6 15. Ne3 Nf5 16. Rfc1 Be7 17. a3 0-0-0 18. a4 Kb7 19. Nxf5 exf5 20. Rcb1 a6 21. Nc1 g5 22. Nb3 f4 23. Ra2 Ra8 24. Rc2 Rh6 25. h3 g4 26. Bxf4 Rg6 27. g3 Rh8 28. Nc5+ Bxc5 29. bxc5 b5 30. axb5 cxb5 31. f3 gxh3 32. g4 Rhg8 33. Kh1 Ne6 34. Bh2 Ng5 35. Rf2 f6 36. Qf5 Qf7 37. Re1 fxe5 38. Bxe5 Rf8 39. Qd3 Re8 40. f4 Ne4 41. Rxe4 dxe4 42. Qxe4+ Ka7 43. f5 Rgg8 44. Qc6 Qb7 45. Qxb7+ Kxb7 46. f6 Ref8 47. f7 Rxg4 48. Bd6 Rxf7 49. Rxf7+ Kc6 50. Ra7 1-0

[Event "Gibraltar Challengers-A 13th"]
[Site "Caleta"]
[Date "2015.01.27"]
[Round "2"]
[White "Bryn, Askild"]
[Black "Boyer Censore, Giuseppe Enmanuel"]
[Result "0-1"]
[WhiteElo "2074"]
[BlackElo "1960"]
[PlyCount "117"]
[EventDate "2015.01.26"]
[EventType "swiss"]
[EventRounds "5"]
[EventCountry "GGB"]
[SourceTitle "CBM 164 Extra"]
[Source "ChessBase"]
[SourceDate "2015.03.02"]
[SourceVersion "1"]
[SourceVersionDate "2015.03.02"]
[SourceQuality "1"]

1. e4 c5 2. Nc3 Nc6 3. f4 g6 4. Nf3 Bg7 5. Bb5 Nd4 6. 0-0 Nxb5 7. Nxb5 a6 8. Nc3 b5 9. Qe1 Bb7 10. d3 Nf6 11. Qh4 d6 12. e5 Nd5 13. Ne4 0-0 14. e6 f6 15. f5 gxf5 16. Ng3 f4 17. Nf5 Kh8 18. Bxf4 Nxf4 19. Qxf4 Rg8 20. Rae1 Bf8 21. h3 Qe8 22. Kh2 Qg6 23. Rg1 Rd8 24. g4 Bd5 25. c4 bxc4 26. dxc4 Bc6 27. Rg3 Rb8 28. b3 a5 29. Reg1 h6 30. h4 Qh7 31. Rh3 a4 32. Nd2 axb3 33. axb3 Ra8 34. h5 Ra2 35. Rhg3 Rg5 36. Kh3 Ra7 37. Nf3 Bxf3 38. Qxf3 Qg8 39. Qe4 Bg7 40. Re1 Qb8 41. Rd3 Bf8 42. Qf3 Ra2 43. Re2 Ra7 44. Rdd2 Ra3 45. Rd3 Ra7 46. Qe4 Rb7 47. Ree3 Ra7 48. Nh4 Ra2 49. Re2 Ra3 50. Qf3 Kg8 51. Nf5 Ra7 52. Red2 Qc8 53. Qe4 Qb8 54. Rb2 Qb4 55. Qe3 Qb7 56. Qe2 Qh1+ 57. Kg3 Ra1 58. Nh4 f5 59. Kf4 0-1

[Event "Gibraltar Challengers-A 13th"]
[Site "Caleta"]
[Date "2015.01.26"]
[Round "1"]
[White "Menna Barreto, Felipe Kubiaki"]
[Black "Bryn, Askild"]
[Result "1-0"]
[WhiteElo "2247"]
[BlackElo "2074"]
[PlyCount "49"]
[EventDate "2015.01.26"]
[EventType "swiss"]
[EventRounds "5"]
[EventCountry "GGB"]
[SourceTitle "CBM 164 Extra"]
[Source "ChessBase"]
[SourceDate "2015.03.02"]
[SourceVersion "1"]
[SourceVersionDate "2015.03.02"]
[SourceQuality "1"]

1. d4 d6 2. e4 Nd7 3. Nf3 e5 4. Bc4 Ngf6 5. dxe5 Nxe5 6. Nxe5 dxe5 7. Bxf7+ Kxf7 8. Qxd8 Bb4+ 9. Qd2 Bxd2+ 10. Nxd2 b6 11. b3 Bb7 12. f3 Ba6 13. Bb2 Rae8 14. a4 g5 15. b4 Nd7 16. b5 Bb7 17. Nc4 Ke6 18. 0-0-0 Rhg8 19. Rd2 Re7 20. Rhd1 g4 21. Nd6 Nc5 22. Nxb7 Nxb7 23. Rd5 Kf6 24. f4 Rge8 25. Rxe5 1-0

[Event "Sarajevo Bosna op-B 44th"]
[Site "Sarajevo"]
[Date "2014.06.05"]
[Round "8"]
[White "Turk, Karlo"]
[Black "Bryn, Askild"]
[Result "0-1"]
[WhiteElo "2154"]
[BlackElo "2076"]
[PlyCount "76"]
[EventDate "2014.05.30"]
[EventType "swiss"]
[EventRounds "9"]
[EventCountry "BIH"]
[SourceTitle "CBM 160 Extra"]
[Source "ChessBase"]
[SourceDate "2014.07.01"]
[SourceVersion "1"]
[SourceVersionDate "2014.07.01"]
[SourceQuality "1"]

1. d4 d6 2. c4 g6 3. Nc3 Bg7 4. e4 Nd7 5. Nf3 e5 6. d5 Ne7 7. Qc2 0-0 8. Be2 f5 9. exf5 gxf5 10. Bg5 a6 11. Rd1 Qe8 12. 0-0 Ng6 13. b4 b6 14. Na4 Nf6 15. c5 Bd7 16. Nb2 bxc5 17. bxc5 Ne4 18. c6 Bc8 19. Bc1 Nf6 20. Rfe1 Kh8 21. Nc4 Ne7 22. Ba3 e4 23. Nd4 Nfxd5 24. Nxd6 cxd6 25. Bxd6 Qg6 26. Qc5 Re8 27. Bc4 Nc3 28. Bxe7 Nxd1 29. Rxd1 f4 30. Kh1 Bg4 31. f3 exf3 32. gxf3 Rxe7 33. Qxe7 Bxd4 34. Bd5 Bh3 35. Qe2 Rb8 36. Be4 Qg7 37. Qd2 Bb6 38. Qc2 Rg8 0-1

[Event "NOR-chB"]
[Site "Lillehammer"]
[Date "2013.06.30"]
[Round "2"]
[White "Merkesvik, Sondre"]
[Black "Bryn, Askild"]
[Result "1-0"]
[WhiteElo "1934"]
[BlackElo "2073"]
[PlyCount "59"]
[EventDate "2013.06.29"]
[EventType "swiss"]
[EventRounds "9"]
[EventCountry "NOR"]
[SourceTitle "EXT 2014"]
[Source "ChessBase"]
[SourceDate "2013.11.20"]
[SourceVersion "1"]
[SourceVersionDate "2013.11.20"]
[SourceQuality "1"]

1. Nf3 d6 2. d4 Nd7 3. e4 e5 4. Bc4 Be7 5. dxe5 Nxe5 6. Nxe5 dxe5 7. Qh5 g6 8. Qxe5 Nf6 9. Bh6 Rg8 10. Bg5 Qd6 11. Qxd6 cxd6 12. Nc3 Be6 13. Bb5+ Kd8 14. 0-0-0 Kc7 15. f3 a6 16. Ba4 b5 17. Bb3 b4 18. Bxe6 fxe6 19. Ne2 h6 20. Bxh6 g5 21. h4 gxh4 22. Rxh4 Rxg2 23. Nf4 Rf2 24. Nxe6+ Kd7 25. Nc5+ Kc6 26. Nd3 Rxf3 27. e5 Nd5 28. Rc4+ Kb5 29. Rd4 Kc6 30. exd6 1-0

[Event "Gibraltar Masters 11th"]
[Site "Caleta"]
[Date "2013.01.30"]
[Round "9"]
[White "Seyfried, Claus"]
[Black "Bryn, Askild"]
[Result "1/2-1/2"]
[WhiteElo "2177"]
[BlackElo "2019"]
[PlyCount "73"]
[EventDate "2013.01.22"]
[EventType "swiss"]
[EventRounds "10"]
[EventCountry "GGB"]
[SourceTitle "CBM 153"]
[Source "ChessBase"]
[SourceDate "2013.03.14"]
[SourceVersion "1"]
[SourceVersionDate "2013.03.14"]
[SourceQuality "1"]

1. e4 c5 2. c3 e6 3. d4 d5 4. exd5 Qxd5 5. Nf3 cxd4 6. Qxd4 Qxd4 7. Nxd4 a6 8. Nd2 e5 9. N4f3 f6 10. Bc4 Nc6 11. a4 Nd8 12. 0-0 Be6 13. Re1 Rc8 14. Bd3 Ne7 15. Ne4 Nd5 16. Bd2 Be7 17. Ng3 g6 18. h4 Nf7 19. h5 Rg8 20. Nd4 Bd7 21. Nf3 Nb6 22. hxg6 hxg6 23. b3 Bc6 24. a5 Bxf3 25. gxf3 Rd8 26. Be4 Rxd2 27. axb6 Bc5 28. Re2 Rxe2 29. Nxe2 Nd6 30. Bd5 Rg7 31. b4 Bxb6 32. c4 Bd8 33. c5 Nc8 34. c6 bxc6 35. Bxc6+ Kf8 36. Rxa6 Ra7 37. b5 1/2-1/2

[Event "Gibraltar Masters 11th"]
[Site "Caleta"]
[Date "2013.01.24"]
[Round "3"]
[White "Melia, Salome"]
[Black "Bryn, Askild"]
[Result "1-0"]
[WhiteElo "2403"]
[BlackElo "2019"]
[PlyCount "59"]
[EventDate "2013.01.22"]
[EventType "swiss"]
[EventRounds "10"]
[EventCountry "GGB"]
[SourceTitle "CBM 153"]
[Source "ChessBase"]
[SourceDate "2013.03.14"]
[SourceVersion "1"]
[SourceVersionDate "2013.03.14"]
[SourceQuality "1"]

1. e4 d6 2. d4 Nf6 3. Nc3 e5 4. Nf3 Nbd7 5. Bc4 Be7 6. 0-0 0-0 7. Qe2 c6 8. Rd1 Qc7 9. a4 a5 10. h3 h6 11. dxe5 dxe5 12. Nh4 Rd8 13. Nf5 Bc5 14. Bxh6 gxh6 15. Qd2 Bf8 16. Nxh6+ Bxh6 17. Qxh6 Nh7 18. Rd3 Kh8 19. Rg3 Rg8 20. Rxg8+ Kxg8 21. Ra3 Qd8 22. Nb5 Qg5 23. Rg3 Qxg3 24. fxg3 cxb5 25. Qg6+ Kh8 26. Bxf7 Ndf6 27. g4 Bd7 28. g5 Rg8 29. Bxg8 Nxg8 30. Qd6 1-0

[Event "Gibraltar Masters 8th"]
[Site "Caleta"]
[Date "2010.02.03"]
[Round "9"]
[White "Bryn, Askild"]
[Black "Sommerhalder, Eric"]
[Result "0-1"]
[WhiteElo "2036"]
[BlackElo "1899"]
[PlyCount "36"]
[EventDate "2010.01.26"]
[EventType "swiss"]
[EventRounds "10"]
[EventCountry "GGB"]
[SourceTitle "CBM 134 Extra"]
[Source "ChessBase"]
[SourceDate "2010.03.03"]
[SourceVersion "1"]
[SourceVersionDate "2010.03.03"]
[SourceQuality "1"]

1. e4 c5 2. Nc3 e6 3. Bc4 Ne7 4. a3 g6 5. b4 d6 6. Nge2 Bg7 7. d4 cxd4 8. Nxd4 Nbc6 9. Ndb5 d5 10. exd5 exd5 11. Bxd5 0-0 12. Bf4 Nxd5 13. Nxd5 Re8+ 14. Kf1 Bxa1 15. Nbc7 Be6 16. Qxa1 Bxd5 17. Bh6 Bc4+ 18. Kg1 Qd4 0-1

[Event "Gibraltar Challengers-B 8th"]
[Site "Caleta"]
[Date "2010.02.01"]
[Round "2"]
[White "Bryn, Askild"]
[Black "Murray, John Stephen"]
[Result "1-0"]
[WhiteElo "2036"]
[BlackElo "1927"]
[PlyCount "31"]
[EventDate "2010.01.31"]
[EventType "swiss"]
[EventRounds "5"]
[EventCountry "GGB"]
[SourceTitle "EXT 2011"]
[Source "ChessBase"]
[SourceDate "2010.11.26"]
[SourceVersion "1"]
[SourceVersionDate "2010.11.26"]
[SourceQuality "1"]

1. e4 c5 2. Nc3 d6 3. f4 g6 4. Nf3 Bg7 5. Bc4 Nc6 6. d3 e6 7. f5 exf5 8. 0-0 Nge7 9. Qe1 Nd4 10. Qh4 Nec6 11. Bg5 Nxf3+ 12. Rxf3 f6 13. Bh6 Kf8 14. Rh3 Qe7 15. Nd5 g5 16. Qh5 1-0